Radon and remedial issues (Record no. 60079)

MARC details
000 -LEADER
fixed length control field 01164cam a2200277 4500
001 - CONTROL NUMBER
control field ABS61368
008 - FIXED-LENGTH DATA ELEMENTS--GENERAL INFORMATION
fixed length control field 000000n1999 000 0 eng u
035 ## - SYSTEM CONTROL NUMBER
System control number (Sirsi) u100395
100 ## - MAIN ENTRY--PERSONAL NAME
Personal name Dixon, D.W.
245 ## - TITLE STATEMENT
Title Radon and remedial issues
260 ## - PUBLICATION, DISTRIBUTION, ETC.
Date of publication, distribution, etc. 1999
490 ## - SERIES STATEMENT
Series statement Structural Survey
Volume/sequential designation 17(3) 1999, 154-159(6)
520 ## - SUMMARY, ETC.
Summary, etc. Government in conjunction with the National Radiological Protection Board (NRPB), Building Research Establishment and local authorities has initiated campaigns to measure the radon level in homes. This article explains the main features of the programme to reduce radon exposures in existing housing, and also notes the important role of surveyors in the housing market. Further sources of information are listed, including technical reports on remedial measures.
590 ## - LOCAL NOTE (RLIN)
Local note ABS
650 ## - SUBJECT ADDED ENTRY--TOPICAL TERM
Topical term or geographic name entry element RADON
650 ## - SUBJECT ADDED ENTRY--TOPICAL TERM
Topical term or geographic name entry element Measurement
9 (RLIN) 6256
650 ## - SUBJECT ADDED ENTRY--TOPICAL TERM
Topical term or geographic name entry element VENTILATION
650 ## - SUBJECT ADDED ENTRY--TOPICAL TERM
Topical term or geographic name entry element BRE
650 ## - SUBJECT ADDED ENTRY--TOPICAL TERM
Topical term or geographic name entry element NATIONAL RADIOLOGICAL PROTECTION BOARD
650 ## - SUBJECT ADDED ENTRY--TOPICAL TERM
Topical term or geographic name entry element UNITED KINGDOM
650 ## - SUBJECT ADDED ENTRY--TOPICAL TERM
Topical term or geographic name entry element HEALTH HAZARDS
650 ## - SUBJECT ADDED ENTRY--TOPICAL TERM
Topical term or geographic name entry element Residential property
9 (RLIN) 6266
690 ## - LOCAL SUBJECT ADDED ENTRY--TOPICAL TERM (OCLC, RLIN)
Topical term or geographic name as entry element Building surveying
9 (RLIN) 6225
700 ## - ADDED ENTRY--PERSONAL NAME
Personal name Scivyer, Chris
942 ## - ADDED ENTRY ELEMENTS (KOHA)
Suppress in OPAC 0
Holdings
Withdrawn status Lost status Source of classification or shelving scheme Damaged status Not for loan Home library Current library Shelving location Date acquired Total Checkouts Full call number Barcode Date last seen Copy number Price effective from Koha item type
    Dewey Decimal Classification     London London Journal article 12/10/1999   ABS61368 100395-1001 06/08/2019 1 06/08/2019 Journal article